| 000 | 00532nam a22001697a 4500 | ||
|---|---|---|---|
| 010 | _aENG-120406 | ||
| 020 |
_c3000.00 _a9788192555799 |
||
| 035 | _aEN-103938 | ||
| 037 | _bDBAD/PUB | ||
| 082 | _a912.15514615 | ||
| 245 |
_aMapping the Indian ocean / _cby Babul Dey |
||
| 260 |
_aKolkata _bInstitute of social and culture studies _c2015 |
||
| 270 |
_a48/2,Suresh Sarkar road _bKolkata _e700014 |
||
| 300 |
_a106p. _c32cm(H.b) _bill.(col.) and maps |
||
| 700 | _aDey,Babul | ||
| 942 |
_2ddc _cEN _h912.15514615 _mDEY |
||
| 999 |
_c144629 _d144629 |
||